Manual de pediatria hospitalaria (Registro nro. 2960)

Detalles MARC
000 -LEADER
fixed length control field 00279dam a22001097a 4500
008 - FIXED-LENGTH DATA ELEMENTS--GENERAL INFORMATION
fixed length control field 190510e1995 sp ||||| |||| 00| 0 spa d
100 ## - MAIN ENTRY--PERSONAL NAME
Personal name Johnson, Kevin B.
245 ## - TITLE STATEMENT
Title Manual de pediatria hospitalaria
250 ## - EDITION STATEMENT
Edition statement 13a ed.
260 ## - PUBLICATION, DISTRIBUTION, ETC. (IMPRINT)
Place of publication, distribution, etc Barcelona
Name of publisher, distributor, etc Mosby;Doyma
Date of publication, distribution, etc 1995
500 ## - GENERAL NOTE
General note Baja
Existencias
Withdrawn status Lost status Source of classification or shelving scheme Damaged status Use restrictions Not for loan Location (home branch) Sublocation or collection (holding branch) Date acquired Koha issues (times borrowed) Piece designation (barcode) Koha date last seen Copy number Price effective from Koha item type Public note
    Dewey Decimal Classification   Restricted Access Not For Loan Biblioteca Medicina Biblioteca Medicina 10/05/2019   1663 10/05/2019 Ej. 1 10/05/2019 Libros Baja

UNIVERSIDAD NACIONAL DEL COMAHUE
Biblioteca de la Facultad de Ciencias Médicas
Sede Toschi: Los Arrayanes y Av. Toschi, Cipolletti  - Rio Negro
Sede Los Tordos:  Yrigoyen al 2211, Cipolletti - Rio Negro 

Teléfono: 0299 - 4774707 int 25
Contacto: biblioteca@facimed.uncoma.edu.ar
© 2011 - 2026